<?xml version="1.0" encoding="UTF-8"?><?xml-stylesheet type="text/xsl" href="static/style.xsl"?><OAI-PMH xmlns="http://www.openarchives.org/OAI/2.0/" xmlns:xsi="http://www.w3.org/2001/XMLSchema-instance" xsi:schemaLocation="http://www.openarchives.org/OAI/2.0/ http://www.openarchives.org/OAI/2.0/OAI-PMH.xsd"><responseDate>2026-06-03T01:09:25Z</responseDate><request verb="GetRecord" identifier="oai:riuma.uma.es:10630/13153" metadataPrefix="marc">https://riuma.uma.es/rest/oai/request</request><GetRecord><record><header><identifier>oai:riuma.uma.es:10630/13153</identifier><datestamp>2026-02-03T10:22:30Z</datestamp><setSpec>com_10630_1685</setSpec><setSpec>col_10630_38055</setSpec></header><metadata><record xmlns="http://www.loc.gov/MARC21/slim" xmlns:dcterms="http://purl.org/dc/terms/" xmlns:doc="http://www.lyncode.com/xoai" xmlns:xsi="http://www.w3.org/2001/XMLSchema-instance" xsi:schemaLocation="http://www.loc.gov/MARC21/slim http://www.loc.gov/standards/marcxml/schema/MARC21slim.xsd">
   <leader>00925njm 22002777a 4500</leader>
   <datafield ind2=" " ind1=" " tag="042">
      <subfield code="a">dc</subfield>
   </datafield>
   <datafield ind2=" " ind1=" " tag="720">
      <subfield code="a">Encinas Tejero, Clara</subfield>
      <subfield code="e">author</subfield>
   </datafield>
   <datafield ind2=" " ind1=" " tag="260">
      <subfield code="c">2017-03-07</subfield>
   </datafield>
   <datafield ind2=" " ind1=" " tag="520">
      <subfield code="a">Esta memoria constituye un resumen detallado de toda la investigación teórico-conceptual y formal que ha supuesto para mí el desarrollo de este Trabajo de Fin de Grado. Desde los primeros referentes a las últimas pruebas,&#xd;
todo lo aquí citado me ha ayudado a evolucionar y llegar a una serie de resultados&#xd;
plásticos que se hacen visibles en LAR (Locus Amoenus Rebus).Partiendo de un interés por el hogar, reflexiono sobre el concepto de habitar,&#xd;
de casa y de lo doméstico a través de los textos de filósofos como Martin Heidegger, Gastón Bachelard o Ernst Cassirer. Sus aportaciones me han permitido llegar a entender el hogar como una metáfora del individuo,&#xd;
como un espacio que lo define y representa y, a través del cual, puede llegar a conocerse a sí mismo.&#xd;
Desde el punto de vista plástico, estudio las obras de artistas como Do-Ho&#xd;
Suh, Ilya y Emilia Kavakov, Louise Bourgeois, Massimo Uberti, Mona Hatoum,&#xd;
Olafur Eliasson, Rachel Whiteread, Stephanie Beck, Toba Khedoori o Zarina Hashmi. Ya sea por sus características formales o por la forma de&#xd;
aproximarse conceptualmente a la casa y el hogar, todos ellos han sido una&#xd;
referencia importante en la evolución del proyecto y han aportado distintos&#xd;
puntos de vista en la creación de mi discurso.</subfield>
   </datafield>
   <datafield ind1="8" ind2=" " tag="024">
      <subfield code="a">http://hdl.handle.net/10630/13153</subfield>
   </datafield>
   <datafield tag="653" ind2=" " ind1=" ">
      <subfield code="a">Grado en Bellas Artes - Trabajos Fin de Grado</subfield>
   </datafield>
   <datafield tag="653" ind2=" " ind1=" ">
      <subfield code="a">Bellas Artes - Trabajos Fin de Grado</subfield>
   </datafield>
   <datafield tag="653" ind2=" " ind1=" ">
      <subfield code="a">Espacio y tiempo en el arte</subfield>
   </datafield>
   <datafield tag="653" ind2=" " ind1=" ">
      <subfield code="a">Dibujo</subfield>
   </datafield>
   <datafield ind2="0" ind1="0" tag="245">
      <subfield code="a">L A R Locus Amoenus Rebus</subfield>
   </datafield>
</record>
</metadata></record></GetRecord></OAI-PMH>